Gaming Quiz

Random Gaming or Video Games Quiz

Hearthstone Shaman Cards Quiz Stats

 Plays Quiz not verified by Sporcle

Challenge
Share
Tweet
Embed
Score 0/45 Timer 05:00
0 Plays Today
Mana cost Card Name % Correct
8Al'Akir the Windlord
94.2%
1Lightning Bolt
93.5%
6Fire Elemental
93.5%
5Doomhammer
93.1%
3Lightning Storm
92.4%
7Neptulon
90.7%
0Totemic Might
89.5%
1Rockbiter Weapon
88%
2Totem Golem
87%
2Flametongue Totem
85.8%
5Earth Elemental
85.8%
6The Mistcaller
85.2%
1Earth Shock
83.6%
0Ancestral Healing
82.5%
2Crackle
81.5%
3Elemental Destruction
81.5%
2Stormforged Axe
81.1%
3Mana Tide Totem
81.1%
1Frost Shock
77.8%
2Lava Shock
77.8%
2Vitality Totem
75.3%
3Feral Spirit
74.9%
3Hex
74.9%
Mana cost Card Name % Correct
5Bloodlust
74.5%
2Windfury
74.2%
3Tuskarr Totemic
73.5%
1Dust Devil
73.1%
5Thunder Bluff Valiant
72.8%
3Lava Burst
72.4%
3Powermace
72.2%
4Windspeaker
72%
2Whirling Zap-o-matic
71.6%
3Unbound Elemental
70.5%
4Ancestor's Call
70.4%
1Forked Lightning
69.5%
2Reincarnate
68.7%
3Far Sight
68.4%
4Charged Hammer
67.9%
2Ancestral Spirit
62.5%
2Ancestral Knowledge
62.3%
4Draenei Totemcarver
56.2%
4Fireguard Destroyer
53.1%
4Dunemaul Shaman
49.4%
4Siltfin Spiritwalker
49.4%
3Healing Wave
39.5%

You're not logged in!

Compare scores with friends on all Sporcle quizzes.
OR
Log In

You Might Also Like...

Show Comments

Extras

Top Quizzes Today


Score Distribution

Your Account Isn't Verified!

In order to create a playlist on Sporcle, you need to verify the email address you used during registration. Go to your Sporcle Settings to finish the process.

Report this User

Report this user for behavior that violates our Community Guidelines.

Details: